[Event "Euskadi-ch"]
[Site "Getxo"]
[Date "2023.04.16"]
[Round "7.4"]
[White "Prieto Aranguren, Alain"]
[Black "Diaz Herrero, Alvaro"]
[Result "1-0"]
[WhiteElo "2280"]
[BlackElo "2187"]
[PlyCount "165"]
[EventDate "2023.04.12"]
[EventType "swiss"]
[EventRounds "7"]
[EventCountry "ESP"]
[SourceTitle "EXT 2024"]
[Source "ChessBase"]
[SourceDate "2023.10.10"]
[SourceVersion "1"]
[SourceVersionDate "2023.10.10"]
[SourceQuality "1"]

1. d4 d6 2. Nf3 g6 3. c4 Bg7 4. Nc3 Nf6 5. e4 0-0 6. Be2 Bg4 7. Ng1 Bd7 8. Be3 Na6 9. f3 c6 10. g4 e5 11. d5 cxd5 12. cxd5 Nc7 13. a4 Nfe8 14. h4 f5 15. g5 Rf7 16. Qb3 Qb8 17. h5 f4 18. Bf2 Bf8 19. Bf1 Be7 20. Bh3 Bxg5 21. Bxd7 Rxd7 22. Nh3 Bf6 23. 0-0-0 Rg7 24. Rdg1 g5 25. h6 Rg6 26. Qd1 Rxh6 27. Qf1 Rg6 28. Be1 h6 29. Nf2 Bg7 30. Qh3 Nf6 31. Qf5 Qe8 32. Rh2 Qf7 33. Rgh1 h5 34. Nh3 Nh7 35. Rg2 g4 36. Qxh5 g3 37. Nxf4 Qxf4+ 38. Bd2 Rh6 39. Qxh6 Bxh6 40. Rxh6 Qxf3 41. Rg6+ Kh8 42. R2xg3 Qf7 43. Bh6 Ne8 44. Nb5 Rd8 45. Kb1 Qf1+ 46. Ka2 Nhf6 47. Bg5 Rd7 48. Bh6 Qc4+ 49. Ka3 Qxe4 50. Nc3 Qe1 51. Rf3 e4 52. Rfxf6 Nxf6 53. Rxf6 Rc7 54. Kb3 e3 55. Re6 Qh4 56. Bxe3 Qc4+ 57. Ka3 Rd7 58. Bxa7 b5 59. Nxb5 Rxa7 60. Nxa7 Qc5+ 61. b4 Qxa7 62. a5 Qc7 63. Ka4 Kg7 64. a6 Qb6 65. b5 Qd4+ 66. Ka5 Qxd5 67. Re7+ Kf6 68. Rc7 Qa2+ 69. Kb6 d5 70. a7 Qa4 71. Rc8 Qd4+ 72. Kb7 Qa4 73. b6 d4 74. a8Q Qd7+ 75. Rc7 Qd5+ 76. Rc6+ Kg5 77. Qe8 d3 78. Qe6 Qf3 79. Ka7 d2 80. Rc5+ Kh4 81. Qh6+ Kg3 82. Qg5+ Kh3 83. Qh5+ 1-0

[Event "Getxo op 1st"]
[Site "Getxo"]
[Date "2016.09.16"]
[Round "9.10"]
[White "Zubizarreta Riego, Mikel"]
[Black "Diaz Herrero, Alvaro"]
[Result "1-0"]
[WhiteElo "1942"]
[BlackElo "2217"]
[PlyCount "117"]
[EventDate "2016.09.10"]
[EventType "swiss"]
[EventCountry "ESP"]
[SourceTitle "EXT 2024"]
[Source "ChessBase"]
[SourceDate "2023.10.10"]
[SourceVersion "1"]
[SourceVersionDate "2023.10.10"]
[SourceQuality "1"]

1. e4 c5 2. Nf3 d6 3. g3 g6 4. Bg2 Bg7 5. 0-0 Nc6 6. c3 e5 7. d3 Nge7 8. Nbd2 b5 9. a3 0-0 10. b4 cxb4 11. axb4 a5 12. bxa5 Rxa5 13. Ba3 Re8 14. Nb3 Ra4 15. Qe2 Be6 16. Nbd2 h6 17. Bb2 Rxa1 18. Rxa1 Qb6 19. Nf1 d5 20. Ne3 d4 21. cxd4 exd4 22. Nc2 Qc5 23. Rc1 Qa7 24. Ra1 Qd7 25. Qd2 g5 26. Nb4 Nxb4 27. Qxb4 Nc6 28. Qd2 Qb7 29. Ne1 g4 30. f3 Ra8 31. f4 Rxa1 32. Bxa1 Qa6 33. Qc1 Na5 34. Bb2 f5 35. exf5 Bxf5 36. Qc5 Be6 37. f5 Nb3 38. Qe7 Bf7 39. Ba3 Qf6 40. Qd7 Qe5 41. Be4 Bf6 42. Bd6 Qe8 43. Qxe8+ Bxe8 44. Bd5+ Bf7 45. Bc6 Bg5 46. Bxb5 Be3+ 47. Kf1 Bd5 48. Bb4 Kg7 49. Bd7 Kf6 50. Nc2 Bg5 51. Ba4 Ke5 52. Bd7 Nc1 53. Ne1 h5 54. Ba3 Nb3 55. Bb4 Nc1 56. Ba3 Na2 57. Bf8 Bf6 58. Bh6 Nb4 59. Bf4# 1-0

[Event "Riga Tech op 6th"]
[Site "Riga"]
[Date "2016.08.08"]
[Round "1"]
[White "Moiseenko, Vadim"]
[Black "Diaz Herrero, Alvaro"]
[Result "1/2-1/2"]
[WhiteElo "2533"]
[BlackElo "2211"]
[PlyCount "94"]
[EventDate "2016.08.08"]
[EventType "swiss"]
[EventRounds "9"]
[EventCountry "LAT"]
[SourceTitle "CBM 173 Extra"]
[Source "ChessBase"]
[SourceDate "2016.08.29"]
[SourceVersion "1"]
[SourceVersionDate "2016.08.29"]
[SourceQuality "1"]

1. e4 c5 2. f4 d5 3. exd5 Nf6 4. Nf3 Nxd5 5. Bc4 e6 6. 0-0 Be7 7. Ne5 0-0 8. Qe2 Nb4 9. Bb3 N4c6 10. c3 Nxe5 11. fxe5 Nc6 12. d3 b6 13. Bf4 Ba6 14. Bc2 Nd4 15. cxd4 Qxd4+ 16. Qf2 Qxb2 17. Na3 Qxa3 18. Qg3 Kh8 19. Qh3 c4 20. Rad1 Rad8 21. Rf3 cxd3 22. Bb3 Qc5+ 23. Kh1 Bb7 24. Rg3 Be4 25. Qg4 Bg6 26. h4 f5 27. Qf3 Bf7 28. h5 Rg8 29. Rc1 Qd4 30. Rc4 Qa1+ 31. Rc1 Qd4 32. Rc4 Qd7 33. Bd2 Bc5 34. Kh2 Qd5 35. Qf4 Qd7 36. Rh3 Be7 37. Bc3 h6 38. Rd4 Qc7 39. Rdxd3 Rxd3 40. Rxd3 Rd8 41. Rg3 Bg5 42. Qf3 Qe7 43. Rh3 Qd7 44. g4 fxg4 45. Qxg4 Bg8 46. Rf3 Qe7 47. Bb4 Qc7 1/2-1/2

[Event "Euskadi-chT (Vasca) Div 1st"]
[Site "Bergara"]
[Date "2015.01.24"]
[Round "3.1"]
[White "Trigo Urquijo, Sergio"]
[Black "Diaz Herrero, Alvaro"]
[Result "1-0"]
[WhiteElo "2310"]
[BlackElo "2188"]
[PlyCount "55"]
[EventDate "2015.01.10"]
[EventType "team-tourn"]
[EventRounds "9"]
[EventCountry "ESP"]
[SourceTitle "EXT 2024"]
[Source "ChessBase"]
[SourceDate "2023.10.10"]
[SourceVersion "1"]
[SourceVersionDate "2023.10.10"]
[SourceQuality "1"]

1. d4 Nf6 2. c4 g6 3. f3 c5 4. d5 d6 5. e4 Bg7 6. Ne2 b5 7. cxb5 a6 8. Nec3 0-0 9. Be3 Nbd7 10. bxa6 Bxa6 11. Bxa6 Rxa6 12. 0-0 Qa8 13. Na3 Rb8 14. Nab5 Ne8 15. Qc2 Nb6 16. b3 Qb7 17. Rab1 Nc7 18. a4 Bxc3 19. Nxc3 e6 20. dxe6 Nxe6 21. Rfd1 Rd8 22. Rd2 d5 23. exd5 Nxd5 24. Qe4 Rad6 25. Rbd1 Nec7 26. Bxc5 Qxb3 27. Bxd6 Nxc3 28. Qb4 1-0

[Event "San Sebastian op 37th"]
[Site "San Sebastian"]
[Date "2014.04.17"]
[Round "7"]
[White "Diaz Herrero, Alvaro"]
[Black "Thomassen, Joachim"]
[Result "1/2-1/2"]
[WhiteElo "2210"]
[BlackElo "2371"]
[PlyCount "107"]
[EventDate "2014.04.12"]
[EventType "swiss"]
[EventRounds "9"]
[EventCountry "ESP"]
[SourceTitle "CBM 159 Extra"]
[Source "ChessBase"]
[SourceDate "2014.04.24"]
[SourceVersion "1"]
[SourceVersionDate "2014.04.24"]
[SourceQuality "1"]

1. e4 c5 2. Nf3 d6 3. d4 cxd4 4. Nxd4 Nf6 5. Nc3 a6 6. h3 e5 7. Nde2 Be6 8. g4 d5 9. exd5 Nxd5 10. Bg2 Nxc3 11. Qxd8+ Kxd8 12. Nxc3 Nc6 13. Be3 Kc7 14. 0-0-0 h5 15. g5 f5 16. gxf6 gxf6 17. Bd5 Re8 18. Ne4 f5 19. Nf6 Re7 20. f4 Bg7 21. Bxe6 Rxe6 22. Rd7+ Kc8 23. Rxg7 Rxf6 24. fxe5 Nxe5 25. Bd4 Re8 26. Rd1 Rd6 27. Bxe5 Rxd1+ 28. Kxd1 Rxe5 29. Rg5 Re3 30. Rxh5 f4 31. Kd2 Rg3 32. Rf5 Rxh3 33. Rxf4 Kc7 34. Rf6 Rg3 35. b3 Rh3 36. a4 Rg3 37. Kc1 Rh3 38. Kb2 Rg3 39. Ka3 Rc3 40. Kb2 Rh3 41. a5 Rh5 42. b4 Rh2 43. Kb3 Rh3+ 44. c3 Rg3 45. Rf5 Kb8 46. Rc5 Rg1 47. b5 axb5 48. Rxb5 Ka7 49. Kb4 Rb1+ 50. Kc5 Ra1 51. c4 Ka6 52. Rb6+ Ka7 53. Rb5 Ka6 54. Rb6+ 1/2-1/2

[Event "Donostia Spring op 09th"]
[Site "Donostia"]
[Date "2013.04.27"]
[Round "3"]
[White "Diaz Herrero, Alvaro"]
[Black "Burgana Lardizabal, Jose Angel"]
[Result "1-0"]
[WhiteElo "2160"]
[BlackElo "1771"]
[PlyCount "85"]
[EventDate "2013.04.19"]
[EventType "swiss"]
[EventRounds "8"]
[EventCountry "ESP"]
[SourceTitle "EXT 2024"]
[Source "ChessBase"]
[SourceDate "2023.10.10"]
[SourceVersion "1"]
[SourceVersionDate "2023.10.10"]
[SourceQuality "1"]

1. e4 d5 2. exd5 Qxd5 3. Nf3 Bg4 4. Be2 Bxf3 5. Bxf3 Qe6+ 6. Qe2 Qxe2+ 7. Kxe2 c6 8. Re1 Nf6 9. Nc3 Nbd7 10. Kf1 0-0-0 11. b4 e6 12. Rb1 Bd6 13. a4 Ne5 14. Bd1 h6 15. g3 g5 16. h3 Nc4 17. d3 Nb6 18. b5 Nfd5 19. Bb2 Rhe8 20. bxc6 bxc6 21. Ne4 Nxa4 22. Nxd6+ Rxd6 23. Be5 Red8 24. Bxd6 Rxd6 25. c4 Ndc3 26. Bxa4 Nxa4 27. Ra1 Nc5 28. Rxa7 Nd7 29. Ke2 Kb8 30. Rea1 Rd4 31. Ra8+ Kb7 32. Rh8 Nc5 33. Ra3 Rd7 34. Rxh6 Kc7 35. Rh5 f6 36. Rh6 Rf7 37. d4 Nd7 38. h4 gxh4 39. gxh4 Kd6 40. h5 f5 41. Rg6 Nf6 42. h6 Rh7 43. Rxf6 1-0

[Event "Erandio op 21st"]
[Site "Erandio"]
[Date "2012.12.27"]
[Round "5"]
[White "Kovacevic, Slobodan"]
[Black "Diaz Herrero, Alvaro"]
[Result "1/2-1/2"]
[WhiteElo "2326"]
[BlackElo "2138"]
[PlyCount "82"]
[EventDate "2012.12.22"]
[EventType "swiss"]
[EventRounds "9"]
[EventCountry "ESP"]
[SourceTitle "CBM 152 Extra"]
[Source "ChessBase"]
[SourceDate "2013.02.25"]
[SourceVersion "1"]
[SourceVersionDate "2013.02.25"]
[SourceQuality "1"]

1. d4 Nf6 2. Nf3 d5 3. Bf4 c5 4. e3 Nc6 5. c3 Qb6 6. Qb3 c4 7. Qc2 Bf5 8. Qc1 Nh5 9. Bg3 Nxg3 10. hxg3 e6 11. Nbd2 h6 12. Be2 Be7 13. Bd1 Qc7 14. Bc2 b5 15. e4 dxe4 16. Bxe4 Bxe4 17. Nxe4 Rd8 18. Rh5 f5 19. Neg5 Bxg5 20. Nxg5 0-0 21. Nf3 e5 22. dxe5 Nxe5 23. Nxe5 Qxe5+ 24. Kf1 Rfe8 25. Qc2 Rd3 26. a4 bxa4 27. Kg1 a3 28. bxa3 Kh7 29. Rc1 Qc5 30. Rh4 Rxg3 31. Rxc4 Qxc4 32. fxg3 Re4 33. Qf2 f4 34. gxf4 Rxf4 35. Qxa7 Qe2 36. Qc5 h5 37. Kh2 Rh4+ 38. Kg1 Rf4 39. Kh2 Rh4+ 40. Kg1 Rf4 41. Kh2 Rh4+ 1/2-1/2

[Event "San Sebastian op 35th"]
[Site "San Sebastian"]
[Date "2012.04.05"]
[Round "7"]
[White "Diaz Herrero, Alvaro"]
[Black "Anurag, Mhamal"]
[Result "0-1"]
[WhiteElo "2132"]
[BlackElo "2273"]
[PlyCount "52"]
[EventDate "2012.03.31"]
[EventType "swiss"]
[EventRounds "9"]
[EventCountry "ESP"]
[SourceTitle "CBM 147 Extra"]
[Source "ChessBase"]
[SourceDate "2012.04.24"]
[SourceVersion "1"]
[SourceVersionDate "2012.04.24"]
[SourceQuality "1"]

1. e4 c5 2. Nf3 e6 3. d4 cxd4 4. Nxd4 a6 5. Nc3 b5 6. Bd3 Bb7 7. 0-0 Qc7 8. Qe2 d6 9. Kh1 Nf6 10. f4 Nbd7 11. Bd2 h5 12. Rae1 h4 13. f5 e5 14. Nf3 h3 15. g4 Nxg4 16. Ng5 Ngf6 17. a4 b4 18. Na2 d5 19. Bxb4 dxe4 20. Bc4 e3+ 21. Rf3 Bxb4 22. Bxf7+ Ke7 23. Nxb4 Rh4 24. Qxe3 Rxb4 25. Qa3 Qd6 26. Qa2 Rg4 0-1

[Event "San Sebastian op 35th"]
[Site "San Sebastian"]
[Date "2012.04.04"]
[Round "6"]
[White "Argandona Riveiro, Inigo"]
[Black "Diaz Herrero, Alvaro"]
[Result "1/2-1/2"]
[WhiteElo "2388"]
[BlackElo "2132"]
[PlyCount "62"]
[EventDate "2012.03.31"]
[EventType "swiss"]
[EventRounds "9"]
[EventCountry "ESP"]
[SourceTitle "CBM 147 Extra"]
[Source "ChessBase"]
[SourceDate "2012.04.24"]
[SourceVersion "1"]
[SourceVersionDate "2012.04.24"]
[SourceQuality "1"]

1. e4 c5 2. Nf3 e6 3. d4 cxd4 4. Nxd4 Nc6 5. Nc3 Qc7 6. Be3 a6 7. Qd2 Nf6 8. 0-0-0 Bb4 9. f3 b5 10. Qe1 0-0 11. Nxc6 Qxc6 12. e5 Bxc3 13. Qxc3 Qxc3 14. bxc3 Nd5 15. Bd4 Bb7 16. Kd2 d6 17. exd6 Rfd8 18. c4 Rxd6 19. cxd5 Rxd5 20. Kc1 Rad8 21. a4 h6 22. axb5 axb5 23. Be2 Rxd4 24. Bxb5 g5 25. c3 Rxd1+ 26. Rxd1 Rxd1+ 27. Kxd1 Kf8 28. Ke2 Ke7 29. g3 Kd6 30. Ke3 f5 31. Bd3 Ke5 1/2-1/2